[Event "Elit(Rockaden,Umea-Kungstornet)"]
[Site "?"]
[Date "2017.03.04"]
[Round "6"]
[White "von Bahr, Oskar"]
[Black "Wickstrom, Lucas"]
[Result "1-0"]
[WhiteElo "2360"]
[BlackElo "2365"]
[PlyCount "115"]
[EventDate "2017.??.??"]
[SourceDate "2017.03.16"]

1. e4 c5 2. Nf3 Nc6 3. Bb5 Nf6 4. Nc3 g6 5. e5 Ng4 6. Bxc6 dxc6 7. h3 Nh6 8. g4
Bg7 9. d3 b6 10. Bf4 f5 11. g5 Nf7 12. Qe2 Qc7 13. Qe3 Nd8 14. e6 Qb7 15. Be5
Nxe6 16. Ne2 Bd7 17. O-O-O O-O-O 18. Bxg7 Nxg7 19. Nf4 e5 20. Qxe5 Qc7 21. Rde1
Rde8 22. Qxc7+ Kxc7 23. Ne5 Re7 24. Re3 Rhe8 25. Rhe1 Be6 26. Nc4 Kd7 27. Nd2
Bf7 28. c4 Rxe3 29. Rxe3 Rxe3 30. fxe3 Ne6 31. h4 Nxf4 32. exf4 Kd6 33. Kd1 Be6
34. Ke2 Bf7 35. Kf2 Be8 36. Nf1 Bf7 37. Ng3 b5 38. b3 b4 39. h5 Ke6 40. h6 Kd6
41. Nf1 Be6 42. Ne3 Bg8 43. Nd1 a5 44. Nb2 Bf7 45. Ke3 Bg8 46. Na4 Bf7 47. d4
cxd4+ 48. Kxd4 Be6 49. Nc5 Bc8 50. Nd3 Be6 51. c5+ Kc7 52. Ke5 Bd5 53. Kf6 Be4
54. Ne5 Bb1 55. Nc4 a4 56. bxa4 Bxa2 57. Nb2 Kd8 58. a5 1-0

[Event "Elit(Rockaden,Umea-Kungstornet)"]
[Site "?"]
[Date "2017.03.04"]
[Round "6"]
[White "Petrov, Marijan"]
[Black "Backlund, Anders"]
[Result "1-0"]
[WhiteElo "2484"]
[BlackElo "2315"]
[PlyCount "149"]
[EventDate "2017.??.??"]

1. e4 e6 2. d4 d5 3. e5 c5 4. c3 Nc6 5. Nf3 Bd7 6. Be2 f6 7. O-O fxe5 8. Nxe5
Nxe5 9. dxe5 Qc7 10. f4 O-O-O 11. Nd2 Nh6 12. Nf3 Kb8 13. Bd3 Qb6 14. Kh1 Bb5
15. a4 Bxd3 16. Qxd3 c4 17. Qe2 Bc5 18. a5 Qc6 19. Rd1 Ng4 20. Nd4 Bxd4 21.
cxd4 h5 22. h3 Nh6 23. Qxh5 Nf5 24. Qf3 Rdf8 25. g4 Nh4 26. Qg3 g5 27. Rf1 gxf4
28. Bxf4 Qb5 29. Qc3 Qe8 30. Bg5 Rxf1+ 31. Rxf1 Qg6 32. Bxh4 Rxh4 33. Qa3 Rh8
34. Rf8+ Rxf8 35. Qxf8+ Kc7 36. Qf2 Kc6 37. Kh2 Kb5 38. Qd2 Qd3 39. Qc3 Qf1 40.
h4 Qf2+ 41. Kh3 Qf1+ 42. Kg3 Qd3+ 43. Kf4 Qe4+ 44. Kg5 Qh7 45. h5 Qe7+ 46. Kg6
Qe8+ 47. Kg5 Qe7+ 48. Kf4 Qh4 49. b3 b6 50. axb6 axb6 51. bxc4+ dxc4 52. Qb2+
Ka5 53. d5 exd5 54. e6 Qe1 55. Qe5 Qxe5+ 56. Kxe5 c3 57. e7 c2 58. e8=Q c1=Q
59. Qa8+ Kb4 60. Qf8+ Kb5 61. Qf5 Qd2 62. Qd7+ Ka6 63. Qa4+ Kb7 64. Qf4 Qc3+
65. Kxd5 Qc6+ 66. Ke5 Qc7+ 67. Kf5 Qf7+ 68. Kg5 Qg7+ 69. Kh4 Qe7+ 70. g5 Qe1+
71. Kg4 Qe6+ 72. Qf5 Qc4+ 73. Kg3 b5 74. g6 b4 75. Qf7+ 1-0

[Event "Elit(Rockaden,Umea-Kungstornet)"]
[Site "?"]
[Date "2017.03.04"]
[Round "6"]
[White "Lyrberg, Patrik"]
[Black "Lindgren, Fredrik"]
[Result "0-1"]
[WhiteElo "2459"]
[BlackElo "2232"]
[PlyCount "106"]
[EventDate "2017.??.??"]

1. Nf3 Nf6 2. c4 g6 3. Nc3 Bg7 4. e4 d6 5. d4 O-O 6. h3 Nc6 7. d5 Nb8 8. Be2
Nbd7 9. Be3 Nc5 10. Nd2 Nfd7 11. O-O Bxc3 12. bxc3 e5 13. f4 exf4 14. Bxf4 Re8
15. Bf3 Ne5 16. Be3 b6 17. Be2 a5 18. Qe1 Qe7 19. Qg3 f6 20. h4 Bd7 21. Bd4 Rf8
22. Rf2 Rae8 23. Raf1 Qg7 24. h5 g5 25. Qe3 h6 26. Qg3 Bc8 27. Qe3 Re7 28. g4
Ref7 29. Rg2 Qh7 30. Rg3 Re7 31. Rg2 Qf7 32. Rgf2 Kg7 33. Qg3 Qe8 34. Bd1 Ref7
35. Rg2 Ba6 36. Bc2 Qe7 37. Bxe5 fxe5 38. Rf5 Bc8 39. Nf1 Bxf5 40. exf5 e4 41.
Re2 Re8 42. Re3 Qe5 43. Qe1 Qf4 44. Qe2 Rfe7 45. Nd2 Kf6 46. Nb3 Nd3 47. Nd4
Nc1 48. Qe1 Qxg4+ 49. Rg3 Qf4 50. Kg2 Nd3 51. Qe2 Qc1 52. Bxd3 exd3 53. Qxd3
Re3 0-1

[Event "Elit(Rockaden,Umea-Kungstornet)"]
[Site "?"]
[Date "2017.03.04"]
[Round "6"]
[White "Malmstig, Erik"]
[Black "Aronsson, Marten"]
[Result "0-1"]
[WhiteElo "2310"]
[BlackElo "2356"]
[PlyCount "156"]
[EventDate "2017.??.??"]

1. d4 d5 2. Nf3 Nf6 3. g3 c6 4. Bg2 Bf5 5. O-O e6 6. a4 h6 7. a5 Bd6 8. Nbd2
O-O 9. Ne5 c5 10. e3 Qc7 11. Nef3 a6 12. dxc5 Bxc5 13. Nb3 Ba7 14. Nbd4 Bh7 15.
Bd2 e5 16. Ne2 Nc6 17. Qb1 d4 18. exd4 Nxd4 19. Nexd4 exd4 20. Qa2 Be4 21. Rfe1
Qxc2 22. Bb4 d3 23. Rf1 Bd5 24. Qa3 Rfe8 25. Bc3 Ne4 26. Nd4 Bxd4 27. Bxd4 d2
28. Qf3 Bc6 29. Qg4 Ng5 30. Bc3 Bxg2 31. Kxg2 Rad8 32. Rad1 Qe4+ 33. Qxe4 Nxe4
34. Bb4 Rd4 35. Ba3 Nf6 36. Bc5 Rd3 37. Be3 Ng4 38. Bf4 g5 39. Rxd2 Rxd2 40.
Bxd2 Re2 41. Bc3 Ne3+ 42. Kf3 Nxf1 43. Kxe2 Nxh2 44. f3 f5 45. Bd4 g4 46. fxg4
fxg4 47. Be3 h5 48. Kd3 Kf7 49. Kc4 Ke6 50. Kc5 Kd7 51. b4 Nf3 52. b5 axb5 53.
Kxb5 Ne5 54. Bf4 Nd3 55. Be3 Ne5 56. Bf4 Ng6 57. Bg5 Nf8 58. Be3 Ne6 59. Kb6
Kc8 60. Bf2 Ng5 61. Be3 Ne4 62. Bf4 Nf2 63. Be3 Nd3 64. Bd4 Nc1 65. Be5 Nb3 66.
Bf4 Nd4 67. Be5 Nc2 68. Kc5 Ne1 69. Kb6 Nf3 70. Bf4 Nd4 71. Be5 Ne6 72. Bf6 Nf8
73. Be7 Nd7+ 74. Kb5 Kc7 75. Bb4 Ne5 76. Bc3 Nf3 77. Bf6 h4 78. gxh4 g3 0-1

[Event "Elit(Rockaden,Umea-Kungstornet)"]
[Site "?"]
[Date "2017.03.04"]
[Round "6"]
[White "Larsson, Anders"]
[Black "Mardell, Jimmy"]
[Result "1/2-1/2"]
[WhiteElo "2287"]
[BlackElo "2147"]
[PlyCount "90"]
[EventDate "2017.??.??"]

1. e4 c5 2. Nf3 d6 3. Bb5+ Bd7 4. a4 e6 5. O-O Nf6 6. Re1 a6 7. Bf1 Nc6 8. c3
Be7 9. d4 cxd4 10. cxd4 O-O 11. Nc3 Rc8 12. Bg5 Qa5 13. d5 Ne5 14. Nxe5 dxe5
15. d6 Bd8 16. Qd3 Bc6 17. Bd2 Qc5 18. b4 Qxb4 19. Nb5 Bxb5 20. axb5 Qxb5 21.
Qxb5 axb5 22. Bb4 Bb6 23. Bxb5 Bc5 24. Bxc5 Rxc5 25. Rab1 Rd8 26. d7 Kf8 27. f3
Ke7 28. Ba4 Rc7 29. Rec1 Rxc1+ 30. Rxc1 Nxd7 31. Rc7 b6 32. Rb7 Kd6 33. Bxd7
Rxd7 34. Rxb6+ Kc5 35. Ra6 h5 36. h4 Kb5 37. Ra8 g6 38. Kf2 Kc5 39. Ra5+ Kd6
40. Ra6+ Kc5 41. Ra5+ Kd4 42. Ra4+ Kc3 43. Ra5 f6 44. Ra6 Re7 45. Ke3 Kc4
1/2-1/2

[Event "Elit(Rockaden,Umea-Kungstornet)"]
[Site "?"]
[Date "2017.03.04"]
[Round "6"]
[White "Eriksson, Jorgen"]
[Black "Henriksson, Johan"]
[Result "0-1"]
[WhiteElo "2220"]
[BlackElo "2273"]
[PlyCount "216"]
[EventDate "2017.??.??"]

1. d4 d5 2. Bf4 e6 3. e3 c5 4. c3 Nc6 5. Nf3 Bd6 6. Bg3 Nf6 7. Nbd2 O-O 8. Bd3
Re8 9. Ne5 Bxe5 10. dxe5 Nd7 11. f4 c4 12. Bc2 Qb6 13. O-O Qxe3+ 14. Kh1 Nf8
15. Nf3 Qb6 16. Qd2 Ne7 17. Bf2 Qc7 18. Nd4 a6 19. a4 b6 20. Rae1 Bb7 21. g4
Nc6 22. Nxc6 Bxc6 23. Bd4 Nd7 24. Qf2 Nc5 25. a5 Ne4 26. Qh4 bxa5 27. Re3 Qe7
28. g5 g6 29. Rh3 h5 30. Bd1 Kg7 31. Qe1 Rh8 32. Bf3 Kg8 33. Qe2 Rb8 34. Ra1 a4
35. Bxe4 dxe4 36. Re3 Qb7 37. Kg2 Qxb2 38. Ra2 Qxe2+ 39. Rexe2 Rb3 40. Kf2 Kg7
41. Rec2 Rd8 42. Ke2 Rd5 43. Rc1 Kf8 44. Ke3 Ra5 45. Rca1 Ke8 46. h4 Kd7 47.
Kd2 Kc7 48. Ke3 a3 49. Kd2 Rb2+ 50. Ke3 Rxa2 51. Rxa2 Bd5 52. Kf2 Rb5 53. Rxa3
Rb2+ 54. Ke3 Kb7 55. Ra4 Rh2 56. Rb4+ Kc7 57. Ra4 Rh3+ 58. Ke2 Rxh4 59. Rxa6
Rxf4 60. Ra7+ Kc8 61. Be3 Rf5 62. Re7 Kd8 63. Ra7 Ke8 64. Ra6 Rxe5 65. Ra7 Rf5
66. Rc7 Rf3 67. Bd4 h4 68. Bf6 h3 69. Re7+ Kd8 70. Rxf7+ Kc8 71. Rh7 Rg3 72.
Rh6 e3 73. Be5 Rxg5 74. Bf4 Rh5 75. Rxh5 gxh5 76. Kxe3 Kd7 77. Kf2 h4 78. Kg1
Bg2 79. Kf2 Be4 80. Ke3 Bb7 81. Kd4 Bd5 82. Ke5 Ke7 83. Bh2 Kf7 84. Kf4 Kf6 85.
Kg4 Bg2 86. Kxh4 Kf5 87. Kg3 Ke4 88. Kf2 Kd3 89. Be5 Be4 90. Kg3 Bf5 91. Kf2
Ke4 92. Bh2 Kd3 93. Be5 Be4 94. Kg3 Bg2 95. Kf2 Ke4 96. Bh2 e5 97. Ke2 Bf3+ 98.
Kf2 Bg4 99. Bg3 Bf5 100. Bh2 Kd5 101. Ke3 Bg4 102. Bg3 Bd1 103. Bh2 Bc2 104.
Bg3 Bd3 105. Bh2 e4 106. Bg3 Kc5 107. Kd2 Kb5 108. Bh2 Ka4 0-1

[Event "Elit(Rockaden,Umea-Kungstornet)"]
[Site "?"]
[Date "2017.03.04"]
[Round "6"]
[White "Andersson, Fredrik"]
[Black "Johansson, David"]
[Result "1-0"]
[WhiteElo "2259"]
[BlackElo "2099"]
[PlyCount "64"]
[EventDate "2017.??.??"]

1. d4 e6 2. c4 Nf6 3. Nf3 c5 4. d5 exd5 5. cxd5 d6 6. Nc3 g6 7. h3 Bg7 8. e4
O-O 9. Bd3 Nh5 10. Bg5 Bf6 11. Be3 a6 12. a4 Nd7 13. Be2 Qe7 14. Nd2 Bd4 15.
Bxh5 Bxe3 16. fxe3 Qh4+ 17. g3 Qxg3+ 18. Ke2 Qg2+ 19. Kd3 Ne5+ 20. Kc2 Bxh3 21.
Qg1 Nc4 22. Qxg2 Nxe3+ 23. Kd3 Nxg2 24. Ne2 gxh5 25. Rxh3 Kh8 26. Rxh5 Rg8 27.
Rah1 Rg7 28. Nc4 b5 29. Nxd6 f6 30. Nf5 Rd7 31. a5 Rg8 32. R1h2 Rg6 1-0

[Event "Elit(Rockaden,Umea-Kungstornet)"]
[Site "?"]
[Date "2017.03.04"]
[Round "6"]
[White "Mardell, Jonas"]
[Black "Wikner, Arvid"]
[Result "0-1"]
[WhiteElo "2050"]
[BlackElo "2237"]
[PlyCount "66"]
[EventDate "2017.??.??"]

1. e4 e5 2. Nc3 Nf6 3. f4 d6 4. Nf3 Be7 5. d4 exd4 6. Nxd4 O-O 7. Be2 Re8 8.
Qd3 Na6 9. Nb3 Bf8 10. e5 Nb4 11. Qd1 dxe5 12. O-O Qxd1 13. Bxd1 e4 14. a3 Nbd5
15. Nxd5 Nxd5 16. c4 Nb6 17. Be2 a5 18. Be3 Be6 19. Rac1 Na4 20. f5 Bd7 21. Rc2
Bd6 22. Bf4 Nc5 23. Bxd6 cxd6 24. Nd4 Ba4 25. Rc3 Bd7 26. Kf2 Na4 27. Rc2 e3+
28. Kg3 Nc5 29. h3 Re4 30. Nb5 Bxb5 31. cxb5 Rae8 32. Kf3 Nb3 33. Rc7 Nd4+ 0-1

[Event "Elit(Manhem-Team Viking)"]
[Site "?"]
[Date "2017.03.24"]
[Round "7"]
[White "Berg, Emanuel"]
[Black "Akesson, Joel"]
[Result "1-0"]
[WhiteElo "2572"]
[BlackElo "2312"]
[PlyCount "103"]
[SourceDate "2017.03.29"]

1. e4 e6 2. d4 d5 3. Nc3 Bb4 4. e5 Ne7 5. a3 Bxc3+ 6. bxc3 c5 7. Qg4 O-O 8. Bd3
Nbc6 9. Qh5 Ng6 10. Nf3 Nce7 11. h4 Qa5 12. Bd2 c4 13. Bxg6 fxg6 14. Qg4 h6 15.
Rh3 Qa4 16. Rc1 Qe8 17. h5 Bd7 18. Ng1 Qf7 19. Rf3 Qe8 20. Rh3 Qf7 21. Qe2 gxh5
22. Rxh5 Be8 23. g4 Qg6 24. f3 Qf7 25. Rh3 Ng6 26. Qh2 Nf4 27. Bxf4 Qxf4 28.
Qxf4 Rxf4 29. Ne2 Rf8 30. Rb1 b6 31. Kd2 Bg6 32. Rb2 Rf7 33. Ke3 Raf8 34. a4
Bh7 35. Ng1 Bg6 36. Ne2 Bh7 37. Ng1 Bg6 38. Rh2 Re7 39. Nh3 Ref7 40. Rf2 Bh7
41. Ng1 Bg6 42. Rh2 Bh7 43. Rb1 Bg6 44. Rf1 Be4 45. Rff2 Bg6 46. Rh1 Rb7 47.
Nh3 Rbf7 48. Rg1 Bxc2 49. g5 Bf5 50. Nf4 hxg5 51. Rxg5 a6 52. Nh5 1-0

[Event "Elit(Manhem-Team Viking)"]
[Site "?"]
[Date "2017.03.24"]
[Round "7"]
[White "Welin, Mats"]
[Black "Sagit, Rauan"]
[Result "0-1"]
[WhiteElo "2356"]
[BlackElo "2417"]
[PlyCount "90"]

1. e4 c5 2. Nf3 d6 3. d4 cxd4 4. Nxd4 Nf6 5. Nc3 a6 6. Be2 e5 7. Nb3 Be7 8. O-O
O-O 9. Re1 Be6 10. Bf3 Nbd7 11. a4 Rc8 12. Be3 Qc7 13. a5 Rfe8 14. h3 h6 15.
Re2 Bf8 16. Rd2 Qb8 17. Ra4 Rc4 18. Rxc4 Bxc4 19. Be2 Be6 20. Bf3 Rc8 21. h4
Rc4 22. g4 Qd8 23. Qe2 Nh7 24. Nd5 Ra4 25. Nc3 Rc4 26. Kg2 Qxh4 27. Rd1 Qd8 28.
Nd2 Rc8 29. Ra1 Ng5 30. Nf1 Nxf3 31. Qxf3 Qh4 32. Nh2 Nf6 33. Qg3 Qxg3+ 34.
Kxg3 d5 35. exd5 Nxd5 36. Nxd5 Bxd5 37. c3 Be6 38. Rd1 f6 39. f4 exf4+ 40. Bxf4
Kf7 41. Nf3 Rc5 42. Rd8 Be7 43. Rb8 g5 44. Be3 Bd6+ 45. Kf2 Rb5 0-1

[Event "Elit(Manhem-Team Viking)"]
[Site "?"]
[Date "2017.03.24"]
[Round "7"]
[White "Agrest, Evgenij"]
[Black "Moberg, Karl Johan"]
[Result "1-0"]
[WhiteElo "2593"]
[BlackElo "2280"]
[PlyCount "59"]

1. d4 Nf6 2. Bf4 g6 3. e3 Bg7 4. Nf3 O-O 5. Be2 d6 6. h3 Nbd7 7. O-O Qe8 8. Bh2
e5 9. c4 Ne4 10. Qc2 f5 11. Na3 a6 12. Rad1 b6 13. dxe5 dxe5 14. c5 b5 15. c6
Nb6 16. Nb1 Qe7 17. b3 g5 18. a4 bxa4 19. bxa4 a5 20. Ne1 Nd6 21. Nd3 f4 22.
Nc5 Bf5 23. Qb3+ Qf7 24. Qxf7+ Rxf7 25. Nc3 Bf8 26. e4 Bg6 27. Bg4 Ndc4 28. Nd7
Bb4 29. Nd5 Nxd5 30. exd5 1-0

[Event "Elit(Manhem-Team Viking)"]
[Site "?"]
[Date "2017.03.24"]
[Round "7"]
[White "Al Hadarani, Hatim"]
[Black "Lindberg, Bo"]
[Result "1-0"]
[WhiteElo "2291"]
[BlackElo "2398"]
[PlyCount "143"]

1. Nf3 c5 2. d4 cxd4 3. Nxd4 d5 4. g3 e5 5. Nb3 Nc6 6. Bg2 Be6 7. O-O Be7 8.
Nc3 d4 9. Ne4 Bd5 10. f4 f5 11. Ng5 Bxg2 12. Kxg2 Bxg5 13. fxg5 Nge7 14. e3
Qd5+ 15. Kg1 O-O-O 16. exd4 exd4 17. Bf4 Ng6 18. Qf3 Rhe8 19. Qxd5 Rxd5 20.
Rad1 Re2 21. Rf2 Nxf4 22. gxf4 Re4 23. Nd2 Re6 24. Nf3 Rd8 25. Kg2 Kc7 26. a3
a6 27. Rd3 Re4 28. Kg3 b5 29. Rfd2 a5 30. Nh4 g6 31. Nf3 a4 32. h4 Kb6 33. Rh2
Kc5 34. h5 Rd6 35. hxg6 hxg6 36. Nd2 Re1 37. b3 Rde6 38. Nf3 R1e3 39. Rhd2 R6e4
40. Rd1 Rxd3 41. cxd3 Re3 42. b4+ Kd5 43. Kf2 Re7 44. Rc1 Kd6 45. Nh4 Re6 46.
Rc5 Ne7 47. Nf3 Re3 48. Ne5 Nd5 49. Rc6+ Ke7 50. Nxg6+ Kd7 51. Ra6 Kc7 52. Ra7+
Kd8 53. Ra8+ Kc7 54. Ra7+ Kd8 55. Rf7 Rxd3 56. Ne5 Ke8 57. Rxf5 Rxa3 58. g6
Ra2+ 59. Kg3 Ra1 60. Nf3 Ne7 61. Re5 Kf8 62. g7+ Kxg7 63. Rxe7+ Kf6 64. Ra7 Rb1
65. Kg4 d3 66. Ra6+ Ke7 67. f5 Rxb4+ 68. Kg5 Rb2 69. f6+ Ke8 70. Ra8+ Kf7 71.
Ra7+ Ke8 72. f7+ 1-0

[Event "Elit(Manhem-Team Viking)"]
[Site "?"]
[Date "2017.03.24"]
[Round "7"]
[White "Westerberg, Jonathan"]
[Black "Fendrich, David"]
[Result "1-0"]
[WhiteElo "2480"]
[BlackElo "2256"]
[PlyCount "59"]

1. e4 d6 2. Nc3 c5 3. f4 Nc6 4. Bb5 g6 5. Bxc6+ bxc6 6. d3 Bg7 7. Nf3 Nf6 8.
O-O O-O 9. Qe1 Bg4 10. Qh4 Qd7 11. Ne1 Be6 12. h3 Ne8 13. Nf3 f5 14. e5 Nc7 15.
Re1 Rab8 16. b3 Rfe8 17. Bb2 Bd5 18. Nxd5 Nxd5 19. e6 Qc7 20. Ng5 h5 21. Bxg7
Kxg7 22. Nf7 Qa5 23. Qg5 Qd2 24. Qh6+ Kf6 25. Ne5 Qxe1+ 26. Rxe1 dxe5 27. Rxe5
Nc7 28. Qg5+ Kg7 29. g4 hxg4 30. hxg4 1-0

[Event "Elit(Manhem-Team Viking)"]
[Site "?"]
[Date "2017.03.24"]
[Round "7"]
[White "Al Waeli, Laith"]
[Black "Cramling, Dan"]
[Result "0-1"]
[WhiteElo "2075"]
[BlackElo "2364"]
[PlyCount "140"]

1. Nf3 c5 2. c4 g6 3. g3 Bg7 4. Bg2 Nc6 5. Nc3 b6 6. e3 Bb7 7. O-O Bxc3 8. dxc3
Nf6 9. Qe2 O-O 10. e4 d6 11. Bg5 Qc7 12. Bxf6 exf6 13. Qe3 Rfe8 14. Qf4 Kg7 15.
Rad1 Rad8 16. Rfe1 Re6 17. h4 h5 18. Bh3 Re7 19. b3 Ne5 20. Nh2 a6 21. Qd2 b5
22. f4 Nc6 23. Bf1 b4 24. cxb4 Nxb4 25. a3 Nc6 26. Nf3 Qb6 27. Qc3 Na5 28. e5
fxe5 29. fxe5 Qxb3 30. Qxb3 Nxb3 31. exd6 Red7 32. Ng5 Nd4 33. Re7 Rxe7 34.
dxe7 Re8 35. Re1 f6 36. Ne6+ Nxe6 37. Rxe6 Kf7 38. Rb6 Rxe7 39. Bg2 Bxg2 40.
Kxg2 Re6 41. Rb7+ Re7 42. Rb6 Re4 43. Rxa6 Rxc4 44. Rc6 g5 45. hxg5 fxg5 46. a4
Ke7 47. a5 Kd7 48. Rh6 h4 49. gxh4 Rxh4 50. Rg6 Ra4 51. Rxg5 Kc6 52. Kf2 Kb5
53. Ke2 Rd4 54. a6 Rd7 55. a7 Rxa7 56. Kd3 Kb4 57. Kc2 Ra2+ 58. Kb1 Ra3 59.
Rg4+ c4 60. Rh4 Rg3 61. Rh2 Kb3 62. Rb2+ Kc3 63. Rc2+ Kd3 64. Rc1 Re3 65. Rd1+
Kc3 66. Rh1 Kb3 67. Kc1 c3 68. Rd1 Re2 69. Rh1 Ra2 70. Kb1 c2+ 0-1

[Event "Elit(Manhem-Team Viking)"]
[Site "?"]
[Date "2017.03.24"]
[Round "7"]
[White "Pantzar, Milton"]
[Black "Bengtsson, Jonas"]
[Result "1-0"]
[WhiteElo "2267"]
[BlackElo "2118"]
[PlyCount "57"]

1. d4 Nf6 2. c4 e6 3. Nc3 Bb4 4. e3 O-O 5. Nge2 d5 6. a3 Bd6 7. Ng3 c5 8. dxc5
Bxc5 9. b4 Bb6 10. Bb2 Nc6 11. c5 Bc7 12. Be2 e5 13. O-O Be6 14. f4 a6 15. Qc2
exf4 16. exf4 Nd4 17. Qd3 Nxe2+ 18. Ncxe2 Bd7 19. Bxf6 Qxf6 20. Nc3 Bc6 21.
Nxd5 Bxd5 22. Qxd5 b6 23. Kh1 bxc5 24. Qxc5 Rac8 25. Rac1 h6 26. Qc6 Qb2 27.
Qxa6 Ra8 28. Qc6 Rfc8 29. Nf5 1-0

[Event "Elit(Manhem-Team Viking)"]
[Site "?"]
[Date "2017.03.24"]
[Round "7"]
[White "Outgajjouft, Said"]
[Black "Grandell, Anders"]
[Result "0-1"]
[WhiteElo "2046"]
[BlackElo "2258"]
[PlyCount "72"]

1. e4 c5 2. Nc3 g6 3. f4 Bg7 4. Nf3 Nc6 5. Bb5 Nd4 6. Bc4 a6 7. d3 e6 8. a4 Ne7
9. O-O d5 10. Ba2 O-O 11. Kh1 b5 12. Ne5 Bb7 13. exd5 exd5 14. Be3 Nef5 15. Bf2
Ne6 16. Qf3 Nfd4 17. Bxd4 Nxd4 18. Qf2 Qd6 19. Nd1 Bxe5 20. fxe5 Qxe5 21. Ne3
f5 22. c3 Ne6 23. d4 cxd4 24. cxd4 Qd6 25. Rad1 Ng5 26. Rc1 Rae8 27. Qd2 Ne4
28. Qd3 bxa4 29. Kg1 Kg7 30. Qa3 Qd7 31. Qb4 Rf7 32. Rc2 f4 33. Nd1 f3 34. Rxf3
Rxf3 35. gxf3 Ng5 36. Kg2 Qh3+ 0-1

[Event "Elit(Rockaden,Sthlm-LASK)"]
[Site "?"]
[Date "2017.03.24"]
[Round "7"]
[White "Tikkanen, Hans"]
[Black "Blomqvist, Erik"]
[Result "0-1"]
[WhiteElo "2518"]
[BlackElo "2574"]
[PlyCount "80"]

1. d4 d5 2. c4 c6 3. Nf3 Nf6 4. Nc3 dxc4 5. a4 Bf5 6. Nh4 e6 7. Nxf5 exf5 8. e3
Bb4 9. Bxc4 O-O 10. O-O Nbd7 11. Qb3 a5 12. Na2 Bd6 13. Qxb7 Rb8 14. Qxc6 Bxh2+
15. Kxh2 Ng4+ 16. Kg3 Rb6 17. Qd5 Qc7+ 18. f4 Rg6 19. Kf3 Nb6 20. Qc5 Qb7+ 21.
d5 Rc8 22. Qb5 Qe7 23. b3 Nh2+ 24. Kf2 Qh4+ 25. Kg1 Ng4 26. Rf3 Rh6 27. Kf1
Qh1+ 28. Ke2 Qxg2+ 29. Kd3 Qxf3 30. Nc3 Nxc4 31. bxc4 Qf1+ 32. Kc2 Qxc4 33.
Qxc4 Rxc4 34. Rb1 Rb4 35. Rxb4 axb4 36. Nb5 Ra6 37. Kb3 h5 38. Nd4 Nf6 39. Kxb4
Nxd5+ 40. Kb5 Nc7+ 0-1

[Event "Elit(Rockaden,Sthlm-LASK)"]
[Site "?"]
[Date "2017.03.24"]
[Round "7"]
[White "Nielsen, Peter Heine"]
[Black "Smith, Axel"]
[Result "1/2-1/2"]
[WhiteElo "2645"]
[BlackElo "2511"]
[PlyCount "112"]

1. e4 e5 2. Nf3 Nc6 3. Bc4 Nf6 4. d3 Be7 5. O-O O-O 6. Nc3 d6 7. a3 Be6 8. Nd5
Nd4 9. Nxd4 exd4 10. Nxf6+ Bxf6 11. Bxe6 fxe6 12. Qg4 e5 13. f4 exf4 14. Bxf4
Qe7 15. Rf3 b6 16. Raf1 a6 17. g3 Rae8 18. Kg2 Qe6 19. Qxe6+ Rxe6 20. h4 Be5
21. Bg5 Rxf3 22. Rxf3 b5 23. h5 Re8 24. b3 c5 25. Bf4 c4 26. bxc4 bxc4 27. dxc4
Bxf4 28. Rxf4 Rc8 29. Rf5 Rxc4 30. Rd5 Rxc2+ 31. Kf3 Rc3+ 32. Kf4 Rxa3 33. Rxd4
Ra5 34. g4 g5+ 35. hxg6 hxg6 36. g5 Kg7 37. Rxd6 Kf7 38. Rd7+ Kf8 39. Ra7 Kg8
40. e5 Ra4+ 41. Kf3 Kf8 42. Rc7 a5 43. Ra7 Kg8 44. Ra6 Kg7 45. e6 Kf8 46. Ra7
Rb4 47. Rxa5 Ke7 48. Re5 Ra4 49. Re1 Ra6 50. Kf4 Rxe6 51. Re5 Kf7 52. Rxe6 Kxe6
53. Ke4 Kd6 54. Kd4 Ke6 55. Ke4 Kd6 56. Kd4 Ke6 1/2-1/2

[Event "Elit(Rockaden,Sthlm-LASK)"]
[Site "?"]
[Date "2017.03.24"]
[Round "7"]
[White "Tari, Aryan"]
[Black "Hammer, Jon Ludvig"]
[Result "1/2-1/2"]
[WhiteElo "2584"]
[BlackElo "2628"]
[PlyCount "36"]

1. e4 e5 2. Nf3 Nc6 3. Bb5 Nf6 4. d3 Bc5 5. c3 O-O 6. Bxc6 bxc6 7. Nxe5 d5 8.
d4 Qe8 9. O-O dxe4 10. Qa4 Bd6 11. Qxc6 Bxe5 12. Qxe8 Bxh2+ 13. Kxh2 Rxe8 14.
c4 Ba6 15. b3 e3 16. Bxe3 Ng4+ 17. Kg1 Nxe3 18. fxe3 Rxe3 1/2-1/2

[Event "Elit(Rockaden,Sthlm-LASK)"]
[Site "?"]
[Date "2017.03.24"]
[Round "7"]
[White "Bator, Robert"]
[Black "Semcesen, Daniel"]
[Result "1/2-1/2"]
[WhiteElo "2401"]
[BlackElo "2470"]
[PlyCount "52"]

1. d4 f5 2. g3 Nf6 3. Bg2 g6 4. c4 Bg7 5. Nc3 O-O 6. Nf3 d6 7. O-O c6 8. d5 Bd7
9. Bd2 Na6 10. Qc1 Rc8 11. Nh4 e5 12. dxe6 Bxe6 13. b3 d5 14. Rd1 Qe7 15. Bh6
dxc4 16. Bxg7 Kxg7 17. Qe3 b6 18. bxc4 Rfe8 19. Qg5 Qc5 20. Rac1 Ng4 21. e3 Qe7
22. Qf4 Qf6 23. Nf3 Nc5 24. h3 Nh6 25. Nd4 Bf7 26. g4 fxg4 1/2-1/2

[Event "Elit(Rockaden,Sthlm-LASK)"]
[Site "?"]
[Date "2017.03.24"]
[Round "7"]
[White "Ahlander, Bjorn"]
[Black "Karlsson, Lars"]
[Result "1/2-1/2"]
[WhiteElo "2418"]
[BlackElo "2446"]
[PlyCount "142"]

1. d4 e6 2. c4 f5 3. Nc3 Nf6 4. e3 Bb4 5. Bd2 O-O 6. Bd3 d6 7. Qc2 Qe7 8. Nge2
c5 9. a3 Ba5 10. O-O Nc6 11. d5 Bxc3 12. Nxc3 Ne5 13. Be2 exd5 14. cxd5 a6 15.
Rae1 Ne4 16. f4 Nd7 17. Nxe4 fxe4 18. a4 Nf6 19. b4 cxb4 20. Bxb4 Nxd5 21. Bc4
Be6 22. Qxe4 Nxb4 23. Bxe6+ Kh8 24. Qxb4 Qxe6 25. Qxb7 Qc4 26. Qb6 Qxa4 27.
Qxd6 Rad8 28. Qc5 Qe4 29. Rd1 h6 30. h3 Rfe8 31. Rxd8 Rxd8 32. f5 Rd5 33. Qc8+
Kh7 34. Qxa6 Qxe3+ 35. Kh1 Qg5 36. Qe6 Rd2 37. Qe4 Qf6 38. Rc1 Qd4 39. Qc6 Qd6
40. Qe4 Rd4 41. Qc2 Rd2 42. Qe4 Rd4 43. Qb1 Qb4 44. Qxb4 Rxb4 45. Rc7 Rf4 46.
Rc5 h5 47. g3 Rf2 48. Kg1 Ra2 49. f6 gxf6 50. Rxh5+ Kg6 51. Rd5 f5 52. Rd4 Kg5
53. Rf4 Ra5 54. Kg2 Ra2+ 55. Rf2 Ra5 56. h4+ Kg4 57. Rf4+ Kh5 58. Rd4 Ra6 59.
Rd8 Kg6 60. Rg8+ Kf7 61. Rd8 Kg6 62. Kf3 Ra3+ 63. Kf4 Ra4+ 64. Ke3 Ra3+ 65. Rd3
Rxd3+ 66. Kxd3 Kh5 67. Ke3 Kg4 68. Kf2 f4 69. gxf4 Kxf4 70. h5 Kg5 71. h6 Kxh6
1/2-1/2

[Event "Elit(Rockaden,Sthlm-LASK)"]
[Site "?"]
[Date "2017.03.24"]
[Round "7"]
[White "Wiedenkeller, Michael"]
[Black "Dragicevic, Drazen"]
[Result "1-0"]
[WhiteElo "2474"]
[BlackElo "2297"]
[PlyCount "55"]

1. d4 g6 2. c4 Bg7 3. e4 d6 4. Nc3 Nc6 5. Nge2 e5 6. d5 Nce7 7. h4 f5 8. h5 f4
9. g3 Bg4 10. gxf4 exf4 11. Bxf4 Bxh5 12. Bh3 Nf6 13. Qa4+ c6 14. c5 O-O 15.
cxd6 Nc8 16. dxc6 bxc6 17. Qxc6 Bf3 18. Qxa8 Bxh1 19. Qxc8 Qxc8 20. Bxc8 Rxc8
21. e5 Nd5 22. Bg5 Nb6 23. e6 h6 24. d7 hxg5 25. dxc8=Q+ Nxc8 26. O-O-O Bb7 27.
Rd7 Ba6 28. e7 1-0

[Event "Elit(Rockaden,Sthlm-LASK)"]
[Site "?"]
[Date "2017.03.24"]
[Round "7"]
[White "Mauritsson, Sebastian"]
[Black "Engqvist, Thomas"]
[Result "1-0"]
[WhiteElo "2314"]
[BlackElo "2344"]
[PlyCount "61"]

1. e4 c6 2. d4 d5 3. Nc3 dxe4 4. Nxe4 Bf5 5. Ng3 Bg6 6. h4 h6 7. Nf3 e6 8. Ne5
Bh7 9. Bd3 Bxd3 10. Qxd3 Nd7 11. f4 Bb4+ 12. c3 Be7 13. Bd2 Ngf6 14. O-O-O O-O
15. Kb1 c5 16. Be3 Qc7 17. Ne4 Rad8 18. Nxf6+ Nxf6 19. g4 c4 20. Qe2 Nd5 21.
Bc1 Qb6 22. Rh3 f6 23. Ng6 Rf7 24. g5 Kh7 25. Qh5 Nxc3+ 26. Rxc3 Rxd4 27. gxh6
Rxd1 28. hxg7+ Kxg7 29. Rg3 Rxc1+ 30. Kxc1 Qf2 31. Qh8# 1-0

[Event "Elit(Rockaden,Sthlm-LASK)"]
[Site "?"]
[Date "2017.03.24"]
[Round "7"]
[White "Hedman, Erik"]
[Black "Olsson, Linus"]
[Result "1-0"]
[WhiteElo "2363"]
[BlackElo "2250"]
[PlyCount "35"]

1. d4 d5 2. c4 e6 3. Nf3 c6 4. Qc2 f5 5. g3 Nf6 6. Bg2 Bd6 7. O-O O-O 8. Nc3 a6
9. c5 Bc7 10. Bf4 Bxf4 11. gxf4 Bd7 12. Qb3 Qe7 13. Na4 Be8 14. Nb6 Ra7 15. Ne5
Nbd7 16. e4 Nxe4 17. Nbxd7 Bxd7 18. Qb6 1-0

[Event "Elit(Eksjo-Limhamn)"]
[Site "?"]
[Date "2017.03.24"]
[Round "7"]
[White "Hector, Jonny"]
[Black "Grandelius, Nils"]
[Result "0-1"]
[WhiteElo "2499"]
[BlackElo "2642"]
[PlyCount "64"]
[SourceDate "2017.03.30"]

1. e4 c5 2. Nf3 e6 3. d4 cxd4 4. Nxd4 a6 5. Nc3 d6 6. g4 b5 7. Qe2 Bb7 8. Bd2
Ne7 9. a4 Nbc6 10. Nxc6 Nxc6 11. axb5 axb5 12. Rxa8 Qxa8 13. Qxb5 Be7 14. Qa4
O-O 15. f4 Qc8 16. Bb5 d5 17. exd5 exd5 18. Ne2 Bc5 19. b4 Bb6 20. Kd1 Qe6 21.
f5 Qe4 22. Ng3 Qxg4+ 23. Be2 Qh4 24. Qb5 Ra8 25. c3 Qd8 26. f6 Ne5 27. Nf5 Qxf6
28. Rf1 Bc6 29. Ne7+ Qxe7 30. Qxb6 Ba4+ 31. Kc1 Nc4 32. Bxc4 Qe4 0-1